[Event "Elit(Kungstornet-Stockholms SS)"]
[Site "?"]
[Date "2018.02.03"]
[Round "5"]
[White "Hauge, Lars Oskar"]
[Black "Lyrberg, Patrik"]
[Result "1-0"]
[WhiteElo "2436"]
[BlackElo "2457"]
[PlyCount "59"]
[EventDate "2018.??.??"]
[SourceDate "2017.10.24"]
1. d4 Nf6 2. Bg5 c6 3. Nc3 Qb6 4. Qd2 Qxb2 5. Rb1 Qa3 6. e4 d5 7. e5 Ne4 8.
Nxe4 dxe4 9. Ne2 f5 10. c4 e6 11. Rb3 Qa6 12. h4 c5 13. d5 h6 14. Be3 Nd7 15.
Qc3 exd5 16. cxd5 c4 17. Nf4 b5 18. Be2 Nc5 19. Rb1 Rg8 20. O-O g5 21. Nh5 Kd8
22. d6 Nd3 23. Qd4 Be6 24. f3 gxh4 25. fxe4 Qxa2 26. Bf3 h3 27. Nf4 Rxg2+ 28.
Nxg2 hxg2 29. exf5 gxf1=Q+ 30. Rxf1 1-0

[Event "Elit(Rockaden,Sthlm-Upsala)"]
[Site "?"]
[Date "2018.02.03"]
[Round "5"]
[White "Johansson, Jan"]
[Black "Hammer, Jon Ludvig"]
[Result "1/2-1/2"]
[WhiteElo "2355"]
[BlackElo "2621"]
[PlyCount "77"]
[EventDate "2018.??.??"]
[SourceDate "2017.10.24"]
1. d4 Nf6 2. c4 e6 3. Nf3 d5 4. Nc3 Be7 5. Bg5 O-O 6. e3 Nbd7 7. Bd3 dxc4 8.
Bxc4 b6 9. O-O Bb7 10. Qe2 Ne4 11. Nxe4 Bxe4 12. Bf4 Bd6 13. Bxd6 cxd6 14. Ba6
Nb8 15. Nd2 Nxa6 16. Nxe4 Nb4 17. Qb5 Nd5 18. Rfc1 f5 19. Nc3 Nxc3 20. Rxc3 f4
21. e4 Qf6 22. Rd1 Rad8 23. f3 h6 24. Rc7 Rf7 25. Rxf7 Qxf7 26. Rc1 Kh7 27. Qa4
Rd7 28. Rc3 Rc7 29. Qc2 Rxc3 30. Qxc3 Qd7 31. Qc4 b5 32. Qc2 a5 33. h3 e5 34.
d5 Qa7+ 35. Kh2 Qd4 36. Qc8 Qxb2 37. Qf5+ Kh8 38. Qf8+ Kh7 39. Qf5+ 1/2-1/2

[Event "Elit(Kungstornet-Stockholms SS)"]
[Site "?"]
[Date "2018.02.03"]
[Round "5"]
[White "Aronsson, Marten"]
[Black "Lokander, Martin"]
[Result "1-0"]
[WhiteElo "2312"]
[BlackElo "2397"]
[PlyCount "135"]
[EventDate "2018.??.??"]
[SourceDate "2017.10.24"]
1. d4 d5 2. Nf3 Nf6 3. g3 b5 4. Qd3 a6 5. a4 b4 6. Bg2 e6 7. Bg5 c5 8. dxc5
Bxc5 9. e4 h6 10. Bxf6 Qxf6 11. Nbd2 Qxb2 12. O-O Bb7 13. exd5 Bxd5 14. Ne4
Bxe4 15. Qxe4 Ra7 16. Rab1 Qf6 17. Ne5 O-O 18. Nd3 Rc7 19. Nxc5 Rxc5 20. Qxb4
Qc3 21. Be4 Nd7 22. Rfd1 Qxb4 23. Rxb4 Nf6 24. Bd3 Nd5 25. Rc4 Rxc4 26. Bxc4
Nc3 27. Rd6 a5 28. Ra6 Rc8 29. Bd3 Nxa4 30. Rxa5 Nc3 31. Ra7 g5 32. Kg2 Rc5 33.
Rb7 Kg7 34. h3 Kf6 35. Kf3 h5 36. Rb8 Kg7 37. Rb7 Kf6 38. Rb8 Kg7 39. Rb7 Re5
40. Ra7 Nb1 41. Ra1 Nd2+ 42. Kg2 g4 43. f4 Rc5 44. Ra7 Nf3 45. Kf2 Nd4 46. hxg4
hxg4 47. c4 Nc6 48. Rb7 Nd4 49. Ke3 Nf3 50. Be2 e5 51. Rb5 Rc7 52. fxe5 Ne1 53.
Kf4 Nc2 54. Rd5 Na3 55. Rd4 Rc5 56. Kf5 Nc2 57. Rxg4+ Kf8 58. Ke4 Ke7 59. Rh4
Ra5 60. Rh7 Ra3 61. Bh5 Re3+ 62. Kf4 Rc3 63. Bxf7 Nd4 64. Bd5+ Kd8 65. e6 Ne2+
66. Ke5 Re3+ 67. Kd6 Nxg3 68. Rh8# 1-0

[Event "Elit(Rockaden,Sthlm-Upsala)"]
[Site "?"]
[Date "2018.02.03"]
[Round "5"]
[White "Barkhagen, Jonas"]
[Black "Burwick, Malte"]
[Result "1-0"]
[WhiteElo "2425"]
[BlackElo "2247"]
[PlyCount "87"]
[EventDate "2018.??.??"]
[SourceDate "2017.10.24"]
1. d4 Nf6 2. c4 g6 3. Nc3 Bg7 4. e4 d6 5. Be2 O-O 6. Nf3 e5 7. O-O exd4 8. Nxd4
Re8 9. f3 c6 10. Kh1 Na6 11. Bg5 h6 12. Bh4 g5 13. Bf2 Nh5 14. Qd2 Nf4 15. Rad1
Nc7 16. Rfe1 Nxe2 17. Ncxe2 Be5 18. Ng3 Qf6 19. Qc2 c5 20. Ndf5 Qg6 21. Qa4 Qe6
22. Rd2 Bd7 23. Qc2 Na6 24. Red1 Nb4 25. Qb3 b5 26. Nxd6 bxc4 27. Nxc4 Ba4 28.
Qxa4 Qxc4 29. a3 Qa6 30. Qb3 Nc6 31. Bxc5 Re6 32. Nf5 Rb8 33. Qa2 Qa4 34. b4 a5
35. Qc4 Bf4 36. Rd7 Ne5 37. Rd8+ Kh7 38. Qc3 axb4 39. axb4 Re8 40. R8d6 g4 41.
g3 Bg5 42. f4 Bf6 43. fxe5 Bxe5 44. Qd2 1-0

[Event "Elit(Kungstornet-Stockholms SS)"]
[Site "?"]
[Date "2018.02.03"]
[Round "5"]
[White "Seo, Jung Min"]
[Black "von Bahr, Oskar"]
[Result "1/2-1/2"]
[WhiteElo "2366"]
[BlackElo "2420"]
[PlyCount "120"]
[EventDate "2018.??.??"]
[SourceDate "2017.10.24"]
1. e4 e5 2. Nf3 Nc6 3. Bc4 Bc5 4. c3 Nf6 5. d4 exd4 6. e5 d5 7. Bb5 Ne4 8. cxd4
Bb6 9. h3 O-O 10. O-O f6 11. Nc3 fxe5 12. Bxc6 bxc6 13. Nxe4 dxe4 14. Qb3+ Qd5
15. Nxe5 Be6 16. Qxd5 cxd5 17. Be3 a5 18. a4 Bf7 19. Nd7 Rfc8 20. Nxb6 cxb6 21.
Rfc1 Be8 22. b3 Kf7 23. Bf4 Bc6 24. Rc3 Ke6 25. Rac1 Kd7 26. Be5 g6 27. Kh2 h6
28. Kg3 b5 29. axb5 Bxb5 30. Rc7+ Rxc7 31. Rxc7+ Ke6 32. Rg7 Be8 33. Rg8 Kf7
34. Rg7+ Ke6 35. Rg8 Kf7 36. Rh8 h5 37. Kf4 Ra6 38. Rh7+ Ke6 39. Rb7 Rc6 40.
Kg5 Rc2 41. Bf6 Bc6 42. Rc7 a4 43. bxa4 Bxa4 44. Re7+ Kd6 45. Ra7 Bb5 46. Be5+
Ke6 47. Rb7 Bc4 48. Rb6+ Kd7 49. Rf6 e3 50. fxe3 Rxg2+ 51. Kh6 h4 52. Rd6+ Ke7
53. Rxg6 Rxg6+ 54. Kxg6 Bf1 55. Kg5 Bxh3 56. Kxh4 Bf5 57. Kg5 Ke6 58. Kf4 Be4
59. Bh8 Bb1 60. Bg7 Be4 1/2-1/2

[Event "Elit(Rockaden,Sthlm-Upsala)"]
[Site "?"]
[Date "2018.02.03"]
[Round "5"]
[White "Johansson, Carl Fredrik"]
[Black "Blomqvist, Erik"]
[Result "0-1"]
[WhiteElo "2209"]
[BlackElo "2502"]
[PlyCount "96"]
[EventDate "2018.??.??"]
[SourceDate "2017.10.24"]
1. d4 Nf6 2. c4 e6 3. Nc3 d5 4. Bg5 Be7 5. e3 Nbd7 6. cxd5 exd5 7. Bd3 c6 8.
Nge2 Nf8 9. O-O Ne6 10. Bh4 O-O 11. Qc2 g6 12. f3 b6 13. Rad1 Bb7 14. Bf2 Rc8
15. Nf4 Nxf4 16. exf4 Nh5 17. f5 Nf4 18. Bg3 Nxd3 19. Qxd3 Qd7 20. fxg6 hxg6
21. Be5 Rce8 22. f4 Qf5 23. Qxf5 gxf5 24. Rfe1 Ra8 25. Bh8 Rae8 26. Be5 Ra8 27.
Bh8 Bd8 28. Be5 Re8 29. Re3 f6 30. Rg3+ Kf7 31. Bd6 Ba6 32. Kf2 Re6 33. Ba3 Bc7
34. Re3 Rxe3 35. Kxe3 Rh8 36. Rh1 c5 37. Nxd5 cxd4+ 38. Kd2 Bb8 39. Re1 Bc4 40.
Re7+ Kg6 41. Nc7 Rxh2 42. b3 Rxg2+ 43. Ke1 Bf7 44. Nb5 d3 45. Bd6 Bd5 46. Re3
Bxd6 47. Nxd6 d2+ 48. Kd1 Rf2 0-1

[Event "Elit(Kungstornet-Stockholms SS)"]
[Site "?"]
[Date "2018.02.03"]
[Round "5"]
[White "Andersson, Fredrik"]
[Black "Arman, Deniz"]
[Result "0-1"]
[WhiteElo "2277"]
[BlackElo "2384"]
[PlyCount "74"]
[EventDate "2018.??.??"]
[SourceDate "2017.10.24"]
1. d4 Nf6 2. c4 g6 3. Nc3 d5 4. cxd5 Nxd5 5. e4 Nxc3 6. bxc3 Bg7 7. Be3 c5 8.
Nf3 O-O 9. Qd2 Nc6 10. d5 Qa5 11. Rc1 Rd8 12. Bd3 b6 13. O-O Bg4 14. Qc2 Bxf3
15. gxf3 Ne5 16. Be2 c4 17. Rfd1 Rac8 18. f4 Nd3 19. Bxd3 cxd3 20. Rxd3 Rc4 21.
Bd4 Bxd4 22. Rxd4 Rdc8 23. Rxc4 Rxc4 24. Kg2 f5 25. f3 fxe4 26. fxe4 Ra4 27.
Qb3 Kg7 28. d6 Rxe4 29. d7 Qh5 30. Rf1 Qg4+ 31. Kh1 Qxd7 32. Qb2 Qf5 33. Qd2 h5
34. Qd8 h4 35. Qc7 h3 36. Qb7 Qxf4 37. Qa6 Re1 0-1

[Event "Elit(Rockaden,Sthlm-Upsala)"]
[Site "?"]
[Date "2018.02.03"]
[Round "5"]
[White "Bator, Robert"]
[Black "Malm Lindberg, Henrik"]
[Result "1-0"]
[WhiteElo "2398"]
[BlackElo "2212"]
[PlyCount "87"]
[EventDate "2018.??.??"]
[SourceDate "2017.10.24"]
1. d4 Nf6 2. c4 e6 3. Nf3 d5 4. g3 Be7 5. Bg2 O-O 6. O-O dxc4 7. Qc2 a6 8. a4
Bd7 9. Qxc4 Bc6 10. Bg5 a5 11. Nc3 Nbd7 12. Rfd1 Re8 13. e3 Ra6 14. Qe2 Bxf3
15. Bxf3 c6 16. e4 Ra8 17. Qc2 h6 18. Be3 Qc8 19. Rac1 Bb4 20. Qb3 Qb8 21. Na2
Bf8 22. Rc2 Be7 23. Nc1 Bd8 24. h3 Bb6 25. Ne2 Qa7 26. Kg2 e5 27. dxe5 Rxe5 28.
Bf4 Re6 29. Nc3 Rae8 30. Rd6 Ne5 31. Rxe6 Rxe6 32. Bxe5 Rxe5 33. Rd2 Bd4 34.
Qc4 Bb6 35. Bd1 Re7 36. f4 Nd7 37. e5 Be3 38. Rd3 g5 39. e6 fxe6 40. Rxd7 Rxd7
41. Qxe6+ Rf7 42. Bh5 b5 43. Bxf7+ Qxf7 44. Qxe3 1-0

[Event "Elit(Upsala-Team Viking)"]
[Site "?"]
[Date "2018.01.13"]
[Round "4"]
[White "Lindberg, Bo"]
[Black "Sittenfeld, Johan"]
[Result "1-0"]
[WhiteElo "2381"]
[BlackElo "2154"]
[PlyCount "109"]
1. d4 Nf6 2. Bg5 d5 3. e3 e6 4. c4 Be7 5. Nc3 Nbd7 6. Qc2 O-O 7. cxd5 exd5 8.
Bd3 c6 9. Nge2 Re8 10. O-O Ne4 11. Bf4 Nxc3 12. Bxh7+ Kh8 13. Nxc3 g6 14. Bxg6
fxg6 15. Nxd5 cxd5 16. Bc7 Kg7 17. Bxd8 Bxd8 18. Rfc1 Nb6 19. a4 a5 20. Qb3 Bd7
21. Rc5 Bc6 22. Rac1 Rc8 23. Qc2 Nc4 24. b3 Nd6 25. Qe2 Bb6 26. R5c2 Bxd4 27.
Qg4 Bf6 28. Rc5 Re4 29. Qd1 Rd8 30. Rxa5 d4 31. Ra7 Nf7 32. Qf1 dxe3 33. fxe3
Rd2 34. Qe1 Rb2 35. Rb1 Rxb1 36. Qxb1 Rxe3 37. Qd1 Re4 38. Ra8 Rd4 39. Qc2 Rd5
40. b4 Rg5 41. b5 Bd5 42. Qd2 Be6 43. Re8 Rd5 44. Qe2 Bd4+ 45. Kh1 Bf5 46. g4
Bd7 47. Qc4 Re5 48. Rxe5 Bxe5 49. h3 Kf6 50. Qf1+ Ke7 51. Qd3 g5 52. Qe4 Bc8
53. Kg1 Kf6 54. Qf3+ Bf4 55. Qc3+ 1-0

[Event "Elit(Upsala-Team Viking)"]
[Site "?"]
[Date "2018.01.13"]
[Round "4"]
[White "Malm Lindberg, Henrik"]
[Black "Schekachikhin, Maksim"]
[Result "0-1"]
[WhiteElo "2212"]
[BlackElo "2371"]
[PlyCount "60"]
1. e4 e6 2. d4 d5 3. Nc3 Bb4 4. e5 Ne7 5. Nf3 b6 6. h4 c5 7. Bd2 Ba6 8. Nb5
Bxd2+ 9. Qxd2 O-O 10. c3 Qd7 11. a4 Nbc6 12. b4 cxd4 13. cxd4 f6 14. exf6 Rxf6
15. Be2 Ng6 16. g3 Raf8 17. Ra3 Bb7 18. O-O a6 19. h5 Nge7 20. Ne5 Qd8 21. Nc3
Nxb4 22. f4 Nf5 23. Rb1 Nxg3 24. Rxb4 Rxf4 25. Bg4 Qh4 26. Bxe6+ Kh8 27. Qxf4
Qh1+ 28. Kf2 Rxf4+ 29. Kxg3 Qh4+ 30. Kg2 Rf2+ 0-1

[Event "Elit(Upsala-Team Viking)"]
[Site "?"]
[Date "2018.01.13"]
[Round "4"]
[White "Grandell, Anders"]
[Black "Cederberg, Karl Olof"]
[Result "1-0"]
[WhiteElo "2261"]
[BlackElo "2141"]
[PlyCount "91"]
1. d4 Nf6 2. c4 Nc6 3. Nf3 e6 4. a3 d6 5. Nc3 Be7 6. e4 e5 7. d5 Nb8 8. h3 O-O
9. Be2 c6 10. Be3 a6 11. O-O Ne8 12. c5 Nd7 13. cxd6 Nxd6 14. dxc6 bxc6 15. Qc2
Bb7 16. Rfd1 Rc8 17. Rac1 c5 18. Nd5 Re8 19. Qb3 Bf8 20. Bc4 Rb8 21. Qa2 h6 22.
Bb3 Kh7 23. Nc3 Qf6 24. Rd2 Rec8 25. Bxf7 Nxf7 26. Rxd7 Nd6 27. Rd1 Bc6 28. Ra7
Nb5 29. Nxb5 axb5 30. Rf7 Qg6 31. Nxe5 Qxe4 32. Nf3 c4 33. Rf4 Qc2 34. Rc1 Qd3
35. Rd4 Qf5 36. Nh4 Qf6 37. Qb1+ g6 38. Rf4 Qe6 39. Bd4 Bg7 40. Re1 Qd6 41.
Bxg7 Kxg7 42. Re7+ Qxe7 43. Qxg6+ Kh8 44. Qxh6+ Qh7 45. Qf6+ Qg7 46. Ng6+ 1-0

[Event "Elit(Upsala-Team Viking)"]
[Site "?"]
[Date "2018.01.13"]
[Round "4"]
[White "Johansson, Carl Fredrik"]
[Black "Petersson, Baldur Teodor"]
[Result "1-0"]
[WhiteElo "2209"]
[BlackElo "2197"]
[PlyCount "73"]
1. d4 Nf6 2. c4 g6 3. Nc3 Bg7 4. e4 d6 5. f4 O-O 6. Nf3 Na6 7. e5 Nd7 8. h4 c5
9. d5 dxe5 10. h5 exf4 11. Bxf4 e5 12. Be3 e4 13. Ng5 Nf6 14. hxg6 fxg6 15. Be2
h6 16. Nh3 g5 17. Nf2 Qd6 18. Qd2 Nc7 19. O-O-O Bf5 20. g4 Bg6 21. Rh3 a6 22.
Rdh1 b5 23. Nfd1 bxc4 24. Rxh6 Bxh6 25. Rxh6 Kg7 26. Bxc5 e3 27. Rxg6+ Kf7 28.
Qxe3 Qf4 29. Rxg5 Qxe3+ 30. Nxe3 Rg8 31. Rxg8 Rxg8 32. Bxc4 Nxg4 33. d6+ Ne6
34. Nxg4 Rxg4 35. Bb3 Kf6 36. d7 Rg8 37. Bb6 1-0

[Event "Elit(Kungstornet-Rockaden,Sthlm)"]
[Site "?"]
[Date "2018.01.13"]
[Round "4"]
[White "Blomqvist, Erik"]
[Black "Aronsson, Marten"]
[Result "1-0"]
[WhiteElo "2502"]
[BlackElo "2312"]
[PlyCount "107"]
[SourceDate "2018.01.23"]
1. e4 e5 2. Nf3 Nc6 3. Bb5 Nf6 4. d3 Bc5 5. Bxc6 dxc6 6. Bg5 h6 7. Bh4 Qe7 8.
Nbd2 g5 9. Bg3 Nd7 10. c3 f6 11. d4 exd4 12. Nxd4 Nf8 13. h4 Rh7 14. O-O Bxd4
15. cxd4 Be6 16. Qa4 gxh4 17. Bxh4 Ng6 18. Bg3 h5 19. f4 h4 20. Bh2 Bd7 21. f5
Nh8 22. Bxc7 h3 23. Qb3 Qg7 24. g3 h2+ 25. Kh1 Nf7 26. Rae1 Qg4 27. Rf2 Rh3 28.
Qxb7 Rc8 29. Bf4 Ng5 30. Qb3 Kf8 31. Qd1 Rxg3 32. Bxg3 Qxg3 33. Rg2 Qd3 34. Qh5
Nf7 35. e5 fxe5 36. dxe5 Qxf5 37. Qxf5 Bxf5 38. e6 Nd6 39. Kxh2 Re8 40. Nb3
Bxe6 41. Nc5 Bxa2 42. Nd7+ Kf7 43. Rf2+ Kg7 44. Rg1+ Kh8 45. Nf6 Ne4 46. Nxe4
Rxe4 47. Ra1 Bd5 48. Rxa7 Kg8 49. Kg3 Rb4 50. Rc7 Re4 51. Rf4 Re3+ 52. Kh4 Re2
53. Kg5 Rxb2 54. Kf6 1-0

[Event "Elit(Farsta-Stockholms SS)"]
[Site "?"]
[Date "2018.01.13"]
[Round "4"]
[White "Lokander, Martin"]
[Black "Degerman, Lars"]
[Result "0-1"]
[WhiteElo "2397"]
[BlackElo "2449"]
[PlyCount "124"]
[SourceDate "2018.02.09"]
1. d4 Nf6 2. c4 g6 3. Nc3 d5 4. Qa4+ c6 5. cxd5 Nxd5 6. e4 Nxc3 7. bxc3 Bg7 8.
Bg5 O-O 9. Qa3 Re8 10. Nf3 Qc7 11. Be2 Nd7 12. e5 f6 13. exf6 exf6 14. Be3 Nb6
15. O-O Nd5 16. Bc4 Be6 17. Bd2 b5 18. Bb3 a5 19. Rfe1 a4 20. Bc2 Nb6 21. Qc1
Qf7 22. a3 Bd5 23. Bh6 Bxf3 24. Rxe8+ Rxe8 25. gxf3 Qc4 26. Bd2 Nd5 27. Bb1 Re2
28. Kg2 f5 29. Ba2 Qd3 30. Be3 Rc2 31. Qe1 Qxc3 32. Qxc3 Rxc3 33. Rb1 f4 34.
Bxf4 Bxd4 35. Bxd5+ cxd5 36. Rxb5 Bc5 37. Ra5 Rc4 38. Bd2 Bxa3 39. Rxd5 Bf8 40.
Rd7 a3 41. Be3 Ra4 42. Bd4 a2 43. Ba1 h5 44. Rc7 Ra6 45. h3 Bh6 46. Kg3 Ra4 47.
Kg2 Ra5 48. h4 Ra6 49. Kg3 Bf8 50. Kg2 Bb4 51. Rb7 Bd2 52. Rc7 Kf8 53. Kg3 Bb4
54. Rb7 Be7 55. f4 Kf7 56. Rd7 Ke6 57. Rd1 Bf6 58. Re1+ Kf5 59. Bxf6 Kxf6 60.
Ra1 Ra3+ 61. f3 Kf5 62. Kh3 Rxf3+ 0-1

[Event "Elit(Kungstornet-Rockaden,Sthlm)"]
[Site "?"]
[Date "2018.01.13"]
[Round "4"]
[White "von Bahr, Oskar"]
[Black "Barkhagen, Jonas"]
[Result "0-1"]
[WhiteElo "2420"]
[BlackElo "2425"]
[PlyCount "104"]
1. e4 e5 2. Nf3 Nc6 3. Bb5 a6 4. Ba4 Nf6 5. O-O b5 6. Bb3 Bb7 7. d3 Bc5 8. Nc3
O-O 9. h3 h6 10. a3 Re8 11. Re1 Nd4 12. Nxd4 exd4 13. Nb1 d5 14. e5 Nd7 15. Bf4
Re6 16. Nd2 Qe7 17. Nf3 Re8 18. Qd2 Qf8 19. Bg3 Bb6 20. c3 dxc3 21. bxc3 Nc5
22. Bc2 f6 23. Nd4 Rxe5 24. Bxe5 fxe5 25. Nb3 Nd7 26. d4 e4 27. a4 Qd6 28. axb5
axb5 29. Qe3 c5 30. dxc5 Nxc5 31. Nd4 b4 32. Rab1 Ne6 33. Nf5 Qd8 34. Qg3 Kh7
35. Rxb4 Bc7 36. Qg4 Bc8 37. f3 Qf6 38. fxe4 Qxc3 39. Rbb1 Qxc2 40. Rbc1 Qb2
41. exd5 Ng5 42. h4 Re4 43. Rxe4 Qxc1+ 44. Kf2 Nxe4+ 45. Qxe4 Qf4+ 46. Qxf4
Bxf4 47. Ne7 Bd7 48. Kf3 Bd6 49. Nc6 Bxc6 50. dxc6 Kg6 51. Ke4 Kh5 52. Kf5 Bb8
0-1

[Event "Elit(Farsta-Stockholms SS)"]
[Site "?"]
[Date "2018.01.13"]
[Round "4"]
[White "Sammalvuo, Tapani"]
[Black "Hauge, Lars Oskar"]
[Result "0-1"]
[WhiteElo "2418"]
[BlackElo "2436"]
[PlyCount "170"]
1. d4 Nf6 2. c4 c5 3. d5 b5 4. cxb5 a6 5. bxa6 g6 6. Nc3 Bg7 7. g3 d6 8. Nf3
Nbd7 9. Bg2 Nb6 10. O-O O-O 11. Re1 Bxa6 12. Bf4 Nc4 13. Qc1 Qa5 14. Nd2 Rfb8
15. Nxc4 Bxc4 16. Bd2 Nd7 17. b3 Ba6 18. Nd1 Qb5 19. Rb1 c4 20. b4 Bb7 21. Nc3
Bxc3 22. Bxc3 Rxa2 23. Qh6 Nf6 24. e4 Rba8 25. Bd4 c3 26. Bf1 Qd7 27. Bxc3 Rxf2
28. Bh3 Qc7 29. Kxf2 Qxc3 30. Qe3 Qc2+ 31. Qe2 Nxe4+ 32. Kf1 Qxe2+ 33. Rxe2 Nc3
34. Rxe7 Ba6+ 35. b5 Bxb5+ 36. Rxb5 Nxb5 37. Rb7 Nc3 38. Bg2 Ra1+ 39. Kf2 Ra2+
40. Kg1 Ne2+ 41. Kf1 Nd4 42. Rb6 Nf5 43. Be4 Ne3+ 44. Ke1 Ra4 45. Bf3 Nc4 46.
Rb8+ Kg7 47. Be2 Kf6 48. Kf2 Ra2 49. Rb7 Ne5 50. Ke3 Ra3+ 51. Kf4 Nd3+ 52. Bxd3
Rxd3 53. Ke4 Rd2 54. h4 Re2+ 55. Kd4 Rg2 56. Rb3 Ra2 57. Rb7 Ra3 58. Rd7 Rxg3
59. Rxd6+ Ke7 60. Ra6 h5 61. Ke4 Rg1 62. Ra7+ Kf6 63. Ra6+ Kg7 64. Ra7 Re1+ 65.
Kf4 Kf6 66. Ra6+ Ke7 67. Ra7+ Kd6 68. Kg5 Rf1 69. Ra6+ Kxd5 70. Ra5+ Ke6 71.
Ra6+ Ke7 72. Ra7+ Kf8 73. Ra6 Ke8 74. Ra8+ Kd7 75. Ra7+ Kd6 76. Ra6+ Kd5 77.
Ra5+ Ke4 78. Ra4+ Kf3 79. Ra3+ Kg2 80. Ra2+ Kg3 81. Ra3+ Rf3 82. Ra5 Rf5+ 83.
Rxf5 gxf5 84. Kxh5 f4 85. Kg5 f3 0-1

[Event "Elit(Kungstornet-Rockaden,Sthlm)"]
[Site "?"]
[Date "2018.01.13"]
[Round "4"]
[White "Engqvist, Thomas"]
[Black "Backlund, Anders"]
[Result "1-0"]
[WhiteElo "2344"]
[BlackElo "2304"]
[PlyCount "95"]
1. Nf3 c5 2. c4 Nc6 3. d4 cxd4 4. Nxd4 g6 5. e4 Bg7 6. Be3 Nf6 7. Nc3 Ng4 8.
Qxg4 Nxd4 9. Qd1 Ne6 10. Rc1 Qa5 11. Be2 b6 12. O-O Bb7 13. f3 g5 14. Rf2 Qe5
15. Bf1 Rc8 16. Rd2 Bc6 17. Nd5 Qb8 18. g3 h5 19. Rf2 h4 20. f4 hxg3 21. hxg3
Nc5 22. Bg2 gxf4 23. gxf4 e6 24. b4 Nxe4 25. Bxe4 exd5 26. Bxd5 Qb7 27. Rd2
Bxd5 28. Rxd5 Rc6 29. Qf3 Rg6+ 30. Kf1 Qc6 31. b5 Qc7 32. c5 bxc5 33. Rdxc5 Qa5
34. Rc8+ Ke7 35. Bc5+ d6 36. Qb7+ Ke6 37. Qe4+ Kd7 38. Qc6+ Ke6 39. Re1+ Kf5
40. Qe4+ Kg4 41. f5+ Kh5 42. Qh1+ Kg5 43. Qg2+ Kh5 44. Qh3+ Kg5 45. Be3+ Kf6
46. Rxh8 Qxb5+ 47. Kf2 Bxh8 48. Bd4+ 1-0

[Event "Elit(Farsta-Stockholms SS)"]
[Site "?"]
[Date "2018.01.13"]
[Round "4"]
[White "Ertan, Can"]
[Black "Ernst, Thomas"]
[Result "1-0"]
[WhiteElo "2363"]
[BlackElo "2380"]
[PlyCount "53"]
1. e4 c5 2. Nf3 d6 3. c3 Nf6 4. Qc2 Qc7 5. Bc4 e6 6. O-O Be7 7. d4 cxd4 8. cxd4
O-O 9. e5 dxe5 10. dxe5 Nfd7 11. Qe4 Nc6 12. Bf4 Nc5 13. Qe3 a6 14. Rc1 Bd7 15.
a3 Rfd8 16. b4 Na4 17. Bb3 b5 18. Bxa4 bxa4 19. Nc3 Qa7 20. Nxa4 Qxe3 21. Bxe3
Nxe5 22. Nb6 Nxf3+ 23. gxf3 Bf6 24. Nxa8 Bxa1 25. Nb6 Bf6 26. Nxd7 Rxd7 27. Rc6
1-0

[Event "Elit(Kungstornet-Rockaden,Sthlm)"]
[Site "?"]
[Date "2018.01.13"]
[Round "4"]
[White "Henriksson, Johan"]
[Black "Hedman, Erik"]
[Result "0-1"]
[WhiteElo "2288"]
[BlackElo "2369"]
[PlyCount "138"]
[SourceDate "2018.01.24"]
1. d4 Nf6 2. c4 c5 3. Nf3 cxd4 4. Nxd4 Nc6 5. Nc3 e6 6. g3 Qb6 7. e3 Bb4 8. Bg2
Ne5 9. Qb3 Qc5 10. O-O Qxc4 11. Ndb5 O-O 12. f4 Qxb3 13. axb3 Nc6 14. Na4 Rb8
15. Rd1 d5 16. Bd2 Bd7 17. Rac1 Bxd2 18. Rxd2 Na5 19. Nd4 Nxb3 20. Nxb3 Bxa4
21. Nd4 Bd7 22. Nf3 Rfc8 23. Ra1 a6 24. Ne5 Bb5 25. g4 Rc7 26. g5 Nd7 27. Nf3
Nc5 28. Rc2 Rbc8 29. Rac1 a5 30. Nd4 Ba4 31. b3 Bd7 32. e4 dxe4 33. Bxe4 b6 34.
f5 exf5 35. Bxf5 Bxf5 36. Nxf5 Rd8 37. Re1 Kf8 38. h4 Rcd7 39. h5 g6 40. hxg6
hxg6 41. Ne3 Kg7 42. Nc4 Rd1 43. Kf1 Nxb3 44. Nxb6 Nd2+ 45. Ke2 Rxe1+ 46. Kxe1
Nf3+ 47. Kf1 Rd1+ 48. Ke2 Rb1 49. Kxf3 Rxb6 50. Ra2 Rb5 51. Kf4 Kf8 52. Rc2
Rf5+ 53. Kg4 Ke7 54. Rc6 Kd7 55. Rc4 Rb5 56. Rd4+ Kc6 57. Rd8 Rf5 58. Ra8 Kb7
59. Rd8 Kb6 60. Rb8+ Kc5 61. Rb7 Kc4 62. Rc7+ Kb3 63. Rb7+ Ka3 64. Ra7 a4 65.
Rb7 Ka2 66. Kh4 a3 67. Kg4 Ka1 68. Kh4 a2 69. Kg4 Rf1 0-1

[Event "Elit(Farsta-Stockholms SS)"]
[Site "?"]
[Date "2018.01.13"]
[Round "4"]
[White "Livner, Anders"]
[Black "Arman, Deniz"]
[Result "1/2-1/2"]
[WhiteElo "2358"]
[BlackElo "2384"]
[PlyCount "104"]
1. c4 Nf6 2. g3 g6 3. Bg2 d5 4. cxd5 Nxd5 5. Nc3 Nb6 6. d3 Bg7 7. Be3 Nc6 8.
Qd2 Nd4 9. Nf3 Nf5 10. Bc5 O-O 11. O-O Re8 12. Qc2 e5 13. e3 Be6 14. Rfd1 Nd7
15. d4 Nxc5 16. dxc5 Qe7 17. Nd2 Qxc5 18. Nb3 Qb4 19. Ne4 Nd6 20. Ng5 Bxb3 21.
axb3 Re7 22. h4 h6 23. Ne4 Nxe4 24. Bxe4 h5 25. Bd5 Qb6 26. Ra4 Kf8 27. Bg2 c6
28. Rd2 a6 29. Ra1 Rd8 30. Rad1 Ree8 31. Bh3 Rxd2 32. Rxd2 Bf6 33. Qd1 Rd8 34.
Rxd8+ Bxd8 35. Bc8 Bf6 36. Qd7 Qxb3 37. Qxb7 Qd1+ 38. Kg2 Qd5+ 39. Kg1 a5 40.
Bd7 Qd1+ 41. Kg2 c5 42. Bc6 Qd8 43. Bd5 Be7 44. b3 Qd6 45. Bc4 Kg7 46. Qa8 Bd8
47. Qb7 Bc7 48. Qf3 Qd7 49. Qa8 Bd8 50. Qe4 Bf6 51. Qa8 Bd8 52. Qe4 Bf6 1/2-1/2

[Event "Elit(Kungstornet-Rockaden,Sthlm)"]
[Site "?"]
[Date "2018.01.13"]
[Round "4"]
[White "Bator, Robert"]
[Black "Andersson, Fredrik"]
[Result "1/2-1/2"]
[WhiteElo "2398"]
[BlackElo "2277"]
[PlyCount "32"]
1. d4 d5 2. c4 e6 3. Nf3 Nf6 4. g3 Bb4+ 5. Bd2 Be7 6. Bg2 O-O 7. O-O c6 8. Qc2
Nbd7 9. Rd1 b6 10. b3 a5 11. a4 Ba6 12. Bf4 Rc8 13. Ne5 Nxe5 14. dxe5 Nd7 15.
h4 Qc7 16. Nd2 Rfd8 1/2-1/2

[Event "Elit(Farsta-Stockholms SS)"]
[Site "?"]
[Date "2018.01.13"]
[Round "4"]
[White "Seo, Jung Min"]
[Black "Hjelm, Niclas"]
[Result "1/2-1/2"]
[WhiteElo "2366"]
[BlackElo "2350"]
[PlyCount "114"]
[EventDate "2018.??.??"]
1. e4 e5 2. Nf3 Nc6 3. d4 exd4 4. Nxd4 Qf6 5. Nxc6 Bc5 6. Qf3 dxc6 7. Nc3 Be6
8. Be3 Bb4 9. Qxf6 Nxf6 10. Bd2 O-O-O 11. f3 Nd7 12. O-O-O f5 13. exf5 Bxf5 14.
Ne4 Bxd2+ 15. Nxd2 Rhe8 16. Nc4 Nc5 17. Rxd8+ Kxd8 18. Kd2 Bg6 19. g3 Bf7 20.
b3 Bd5 21. Be2 b6 22. Ne3 a5 23. Re1 g6 24. Rf1 Be6 25. Bc4 Bd7 26. a3 b5 27.
Be2 a4 28. b4 Ne6 29. Ng4 Nd4 30. Bd1 Be6 31. f4 Bxg4 32. Bxg4 h5 33. Bd1 Kd7
34. c3 Nf5 35. Be2 Ke7 36. Bd3 Kf6 37. Rc1 Rd8 38. Re1 Nd6 39. Kc2 Re8 40. Rxe8
Nxe8 41. Kd2 g5 42. fxg5+ Kxg5 43. Ke3 Nf6 44. h3 h4 45. gxh4+ Kxh4 46. Kd4
Kxh3 47. Be4 Nxe4 48. Kxe4 Kg4 49. Kd4 Kf4 50. Kc5 Ke4 51. Kxc6 Kd3 52. Kxb5
Kxc3 53. Kxa4 Kb2 54. b5 Kc3 55. Ka5 Kb3 56. Ka6 Ka4 57. Kb7 Kxb5 1/2-1/2

[Event "Elit(Kungstornet-Rockaden,Sthlm)"]
[Site "?"]
[Date "2018.01.13"]
[Round "4"]
[White "Couso, Luis"]
[Black "Tuomainen, Felix"]
[Result "1/2-1/2"]
[WhiteElo "2276"]
[BlackElo "2219"]
[PlyCount "101"]
1. c4 e6 2. g3 d5 3. Bg2 Nf6 4. Nf3 dxc4 5. O-O Be7 6. Na3 O-O 7. Nxc4 Nbd7 8.
b3 c5 9. Bb2 b5 10. Nfe5 Nd5 11. Nc6 Qe8 12. Ne3 N7b6 13. Nxe7+ Qxe7 14. a4
Nxe3 15. fxe3 Bb7 16. Bxb7 Qxb7 17. axb5 Qd7 18. Qc2 Qxb5 19. d3 f6 20. e4 e5
21. Qc3 a5 22. Rfc1 Rfc8 23. Ra3 a4 24. bxa4 Nxa4 25. Qb3+ Qxb3 26. Rxb3 Nxb2
27. Rxb2 Ra5 28. Kf2 Rc7 29. h4 Kf7 30. Rc3 Ke7 31. Rb1 Ra8 32. g4 Rac8 33. Ke3
Kd6 34. Rc4 Kd7 35. Rg1 Ke6 36. g5 Rf8 37. Ra4 Rfc8 38. gxf6 gxf6 39. Ra6+ Kf7
40. h5 Rc6 41. Rxc6 Rxc6 42. h6 c4 43. Rg7+ Kf8 44. dxc4 Rxc4 45. Rxh7 Rc3+ 46.
Kf2 Rh3 47. Kg2 Rh4 48. Kg3 Rxe4 49. Ra7 Kg8 50. h7+ Kh8 51. Kf3 1/2-1/2

[Event "Elit(Kungstornet-Rockaden,Sthlm)"]
[Site "?"]
[Date "2018.01.13"]
[Round "4"]
[White "Kenneskog, Theodor"]
[Black "Larsson, Anders"]
[Result "1-0"]
[WhiteElo "2296"]
[BlackElo "2249"]
[PlyCount "81"]
1. e4 e5 2. Nf3 Nc6 3. Bb5 a6 4. Ba4 Nf6 5. O-O Be7 6. Re1 b5 7. Bb3 d6 8. c3
O-O 9. h3 Nd7 10. d4 Bf6 11. d5 Ne7 12. a4 Rb8 13. Bc2 Ng6 14. axb5 axb5 15. b4
Nb6 16. Bd3 Bd7 17. Ra5 Na4 18. Qc2 c6 19. dxc6 Bxc6 20. Na3 Nc5 21. Bxb5 Bxe4
22. Rxe4 Nxe4 23. Qxe4 d5 24. Qe1 Qc7 25. Bf1 Rfd8 26. c4 e4 27. Nb5 Rxb5 28.
Rxb5 exf3 29. Rxd5 Rxd5 30. cxd5 fxg2 31. Bxg2 h6 32. Qe8+ Kh7 33. Be3 Bg5 34.
Bc5 Qf4 35. Qe4 Qc1+ 36. Bf1 Kg8 37. Qe8+ Kh7 38. Qxf7 Nf4 39. Bd4 Bf6 40. Bxf6
Nxh3+ 41. Kg2 1-0